000 00758nam a2200217 i 4500
001 189216
003 ES-MaACL
005 20240104171812.0
008 190426s2013 sp a |||| |dspa d
020 _a978-84-15833-42-0
100 1 _aOria, Román.
_9166896
245 1 0 _a1968_ fragmentos de una lucha para los indignados de hoy /
_cRomán Oria.
260 _aSevilla :
_bPunto Rojo Libros,
_c[2013]
300 _a214 p. :
_bil. ;
_c21 cm.
500 _aAnexo documental.
500 _aÍndice onomástico.
651 4 _aEspaña-
_xHistoria-
_y1939-1975, Dictadura-
_vRelatos personales.
_9137431
852 _aES-MaACL
_jA-14505
_9196354
_bR.152081
_cDEPO1
_dOlim: N-7505
_gDedicatoria autógrafa
942 _2udc
_cMONOGRAFIA
999 _c189216
_d189216